| 000 | 01137cam a22003135a 4500 | ||
|---|---|---|---|
| 001 | 17366902 | ||
| 003 | EG-ScBUE | ||
| 005 | 20220822101754.0 | ||
| 008 | 120629t2013 njua f 001 0 eng d | ||
| 020 | _a9780470642191 | ||
| 040 |
_aDLC _beng _erda _cDLC _dDLC _dEG-ScBUE |
||
| 082 | 0 | 4 |
_a720.2840285668 _222 _bTAL |
| 100 | 1 |
_aTal, Daniel, _d1971- _eauthor. _941530 |
|
| 245 | 1 | 0 |
_aRendering in SketchUp : _bfrom modeling to presentation for architecture, landscape architecture, and interior design / _cDaniel Tal. |
| 264 | 1 |
_aHoboken, New Jersey : _bJohn Wiley and Sons, _c[2013] |
|
| 264 | 4 | _cc2013 | |
| 300 |
_axii, 628 pages : _billustrations ; _c24 cm |
||
| 336 |
_2rdacontent _atext _btxt |
||
| 337 |
_2rdamedia _aunmediated _bn |
||
| 338 |
_2rdacarrier _avolume _bnc |
||
| 500 | _aIncludes index. | ||
| 650 | 7 |
_aArchitectural design _xData processing. _2BUEsh _92262 |
|
| 650 | 7 |
_aLandscape architectural drawing _xData processing. _2BUEsh _941531 |
|
| 650 | 7 |
_aInterior decoration _xComputer-aided design. _2BUEsh _941532 |
|
| 651 | _2BUEsh | ||
| 653 |
_bENGARC _cOctober2016 |
||
| 655 |
_vReading book _934232 |
||
| 942 |
_2ddc _cBB |
||
| 999 |
_c22554 _d22526 |
||